MARC

LEADER 00000nam0a2200000 4500
001 374629
005 20231101051239.0
035 |a (RuTPU)RU\TPU\retro\32063 
035 |a RU\TPU\book\207212 
090 |a 374629 
100 |a 20221219d1936 m y0rusy50 ca 
101 0 |a rus 
102 |a RU 
105 |a a j 001zy 
200 1 |a Термическая обработка стали  |e учебник для ФЗУ  |f С. Г. Богданов 
210 |a Ленинград  |a Москва  |c Главная редакция литературы по машиностроению и металлообработке  |d 1936 
215 |a 278 с.  |c ил. 
320 |a Библиогр. в тексте 
610 1 |a машиностроение 
610 1 |a сталь 
610 1 |a термическая обработка 
675 |a 621.78:669.14(07)  |v 3 
700 1 |a Богданов  |b С. Г. 
801 1 |a RU  |b 63413507  |c 20110119 
801 2 |a RU  |b 63413507  |c 20221219  |g RCR 
942 |c BK